[Event "CZE-chT1E 1718"]
[Site "Czech Republic"]
[Date "2018.02.04"]
[Round "7.4"]
[White "Brecka, Ivan"]
[Black "Rakus, Pavel"]
[Result "1-0"]
[WhiteElo "2316"]
[BlackElo "2241"]
[PlyCount "69"]
[EventDate "2017.10.22"]
[EventType "team-tourn"]
[EventRounds "11"]
[EventCountry "CZE"]
[SourceTitle "EXT 2019"]
[Source "ChessBase"]
[SourceDate "2018.10.10"]
[SourceVersion "1"]
[SourceVersionDate "2018.10.10"]
[SourceQuality "1"]
[WhiteTeam "Ostrava"]
[BlackTeam "Opava KVS"]
[WhiteTeamCountry "CZE"]
[BlackTeamCountry "CZE"]

1. e4 c5 2. Nf3 Nc6 3. d4 cxd4 4. Nxd4 Nf6 5. Nc3 e5 6. Ndb5 d6 7. Bg5 a6 8. Na3 b5 9. Nd5 Be7 10. Bxf6 Bxf6 11. c3 0-0 12. Nc2 Rb8 13. h4 a5 14. Qf3 Be6 15. Nce3 b4 16. Bd3 bxc3 17. bxc3 Rb2 18. g3 Be7 19. 0-0 Qd7 20. Nf5 Rfb8 21. Qg4 Bxf5 22. exf5 f6 23. Rfb1 Qa7 24. Rxb2 Rxb2 25. Qf3 Qc5 26. Rb1 Rxb1+ 27. Bxb1 Bd8 28. Bc2 Nb4 29. Nxb4 axb4 30. Qa8 Qa5 31. Qc6 Kf7 32. Qd7+ Be7 33. Bb3+ Kf8 34. cxb4 Qa8 35. Qe6 1-0

[Event "CZE-chT1E 1617"]
[Site "Czech Republic"]
[Date "2017.02.19"]
[Round "8.2"]
[White "Brecka, Ivan"]
[Black "Haba, Zdenek"]
[Result "1/2-1/2"]
[WhiteElo "2317"]
[BlackElo "2173"]
[PlyCount "147"]
[EventDate "2016.10.16"]
[EventType "team-tourn"]
[EventRounds "11"]
[EventCountry "CZE"]
[SourceTitle "CBM 177 Extra"]
[Source "ChessBase"]
[SourceDate "2017.04.27"]
[SourceVersion "1"]
[SourceVersionDate "2017.04.27"]
[SourceQuality "1"]
[WhiteTeam "Ostrava"]
[BlackTeam "Jihlava Gordic"]
[WhiteTeamCountry "CZE"]
[BlackTeamCountry "CZE"]

1. e4 c5 2. Nf3 d6 3. d4 cxd4 4. Nxd4 Nf6 5. Nc3 g6 6. g3 Bg4 7. f3 Bd7 8. Be3 Bg7 9. Qd2 Nc6 10. 0-0-0 h5 11. h3 Rc8 12. Be2 Na5 13. g4 Nc4 14. Bxc4 Rxc4 15. g5 Nh7 16. Qd3 Qc8 17. h4 0-0 18. f4 Bg4 19. Nd5 Re8 20. Rde1 e6 21. Nc3 a6 22. Rhf1 Nf8 23. Nde2 b5 24. Bd4 b4 25. Bxg7 Kxg7 26. Na4 Qc7 27. b3 Bxe2 28. Rxe2 Rc6 29. Nb2 a5 30. f5 Rc3 31. Qd2 exf5 32. exf5 Rxe2 33. Qxe2 Qc5 34. Nd3 Qd4 35. Rf4 Qg1+ 36. Kb2 gxf5 37. Rxf5 Ng6 38. Qe8 Rc7 39. Qe4 Qh2 40. Qd4+ Kg8 41. Rf2 Qxh4 42. Qxd6 Re7 43. Qd5 Qe4 44. Qd8+ Kg7 45. Qxa5 Ne5 46. Qc5 Nxd3+ 47. cxd3 Qe5+ 48. d4 Qe1 49. Qc2 Rc7 50. Qd2 Qxd2+ 51. Rxd2 Kg6 52. d5 Kxg5 53. a3 bxa3+ 54. Kxa3 h4 55. d6 Rd7 56. Kb4 h3 57. Kc5 Kg4 58. Kc6 Rd8 59. Kc7 Rh8 60. d7 f5 61. d8Q Rxd8 62. Kxd8 f4 63. b4 Kg3 64. b5 h2 65. Rd1 f3 66. b6 Kg2 67. b7 h1Q 68. Rxh1 Kxh1 69. b8Q f2 70. Qf4 Kg2 71. Qg4+ Kh1 72. Qf3+ Kg1 73. Qg3+ Kh1 74. Qxf2 1/2-1/2

[Event "CZE-chT1E 1617"]
[Site "Czech Republic"]
[Date "2016.11.06"]
[Round "2.5"]
[White "Nedela, Vlastimil"]
[Black "Brecka, Ivan"]
[Result "1-0"]
[WhiteElo "2328"]
[BlackElo "2317"]
[PlyCount "95"]
[EventDate "2016.10.16"]
[EventType "team-tourn"]
[EventRounds "11"]
[EventCountry "CZE"]
[SourceTitle "CBM 175 Extra"]
[Source "ChessBase"]
[SourceDate "2016.12.12"]
[SourceVersion "1"]
[SourceVersionDate "2016.12.12"]
[SourceQuality "1"]
[WhiteTeam "Trinec"]
[BlackTeam "Ostrava"]
[WhiteTeamCountry "CZE"]
[BlackTeamCountry "CZE"]

1. c4 e5 2. Nc3 Nf6 3. g3 Bb4 4. Bg2 0-0 5. Nf3 Nc6 6. 0-0 e4 7. Ng5 Bxc3 8. bxc3 Re8 9. d3 exd3 10. exd3 h6 11. Ne4 Nxe4 12. Bxe4 d6 13. f4 f5 14. Bf3 Bd7 15. Rb1 b6 16. Bd5+ Kf8 17. Qf3 Na5 18. Bxa8 Qxa8 19. Qxa8 Rxa8 20. Re1 Re8 21. Be3 c5 22. Kf2 Kf7 23. Ke2 Bc6 24. Rg1 Bd7 25. Kd2 Re7 26. Rbf1 h5 27. Bf2 g6 28. Re1 Rxe1 29. Rxe1 Bc6 30. g4 hxg4 31. Bh4 Nb7 32. Re7+ Kf8 33. Rc7 Bg2 34. Ke1 a6 35. a4 Kg8 36. Kf2 Bf3 37. Rc8+ Kf7 38. Ra8 a5 39. Ra6 Ke6 40. Rxb6 Kd7 41. Rb2 Kc7 42. Ke1 Bc6 43. Ra2 Bf3 44. Kd2 Nd8 45. Bxd8+ Kxd8 46. Rb2 Bc6 47. Rb5 Bxb5 48. cxb5 1-0

[Event "CZE-chT2F 1112"]
[Site "Czech Republic"]
[Date "2012.04.22"]
[Round "11.32"]
[White "Brecka, Ivan"]
[Black "Jasny, Stanislav"]
[Result "1/2-1/2"]
[WhiteElo "2314"]
[BlackElo "2327"]
[PlyCount "54"]
[EventDate "2011.10.09"]
[EventType "team-tourn"]
[EventRounds "11"]
[EventCountry "CZE"]
[SourceTitle "EXT 2013"]
[Source "ChessBase"]
[SourceDate "2012.11.22"]
[SourceVersion "1"]
[SourceVersionDate "2012.11.22"]
[SourceQuality "1"]
[WhiteTeam "Ostrava Mittal"]
[BlackTeam "Frydek Mistek II"]
[WhiteTeamCountry "CZE"]
[BlackTeamCountry "CZE"]

1. e4 c5 2. Nf3 Nc6 3. d4 cxd4 4. Nxd4 e5 5. Nb5 d6 6. c4 Be7 7. N1c3 a6 8. Na3 f5 9. exf5 Bxf5 10. Bd3 Be6 11. 0-0 Nf6 12. Nc2 0-0 13. Bg5 Ng4 14. Bxe7 Qxe7 15. Ne3 Qh4 16. Nxg4 Bxg4 17. f3 Be6 18. Ne4 Rad8 19. Qd2 h6 20. Qf2 Qf4 21. Rae1 Nb4 22. Be2 Nc2 23. Rc1 Nd4 24. Nc3 Rc8 25. Ne4 Rcd8 26. Nc3 Rc8 27. Ne4 Rcd8 1/2-1/2

[Event "CZE-chT2F 1112"]
[Site "Czech Republic"]
[Date "2012.01.08"]
[Round "5.21"]
[White "Brecka, Ivan"]
[Black "Beil, Zdenek"]
[Result "1/2-1/2"]
[WhiteElo "2314"]
[BlackElo "2256"]
[PlyCount "55"]
[EventDate "2011.10.09"]
[EventType "team-tourn"]
[EventRounds "11"]
[EventCountry "CZE"]
[SourceTitle "EXT 2013"]
[Source "ChessBase"]
[SourceDate "2012.11.22"]
[SourceVersion "1"]
[SourceVersionDate "2012.11.22"]
[SourceQuality "1"]
[WhiteTeam "Ostrava Mittal"]
[BlackTeam "Olomouc"]
[WhiteTeamCountry "CZE"]
[BlackTeamCountry "CZE"]

1. e4 g6 2. d4 c6 3. Nc3 Bg7 4. Bc4 d6 5. Qf3 e6 6. Nge2 b5 7. Bb3 a6 8. a4 b4 9. Nd1 a5 10. h4 h6 11. Bf4 Nf6 12. Ne3 d5 13. e5 Ne4 14. Ng3 Nxg3 15. Qxg3 Nd7 16. 0-0 Bb7 17. c4 Qb6 18. c5 Qc7 19. Bc2 0-0-0 20. Nf5 gxf5 21. Qxg7 Nb8 22. h5 Qe7 23. Qg3 Ba6 24. Rfe1 Rdg8 25. Qe3 Qf8 26. Bd1 Qg7 27. Bf3 Nd7 28. g3 1/2-1/2

[Event "CZE-chT1E 1011"]
[Site "Czech Republic"]
[Date "2010.11.14"]
[Round "3.1"]
[White "Rasik, Vitezslav"]
[Black "Brecka, Ivan"]
[Result "1-0"]
[WhiteElo "2502"]
[BlackElo "2357"]
[PlyCount "60"]
[EventDate "2010.10.10"]
[EventType "team-tourn"]
[EventRounds "11"]
[EventCountry "CZE"]
[SourceTitle "EXT 2012"]
[Source "ChessBase"]
[SourceDate "2011.11.24"]
[SourceVersion "1"]
[SourceVersionDate "2011.11.24"]
[SourceQuality "1"]
[WhiteTeam "Poruba Slavoj"]
[BlackTeam "Ostrava Mittal"]
[WhiteTeamCountry "CZE"]
[BlackTeamCountry "CZE"]

1. e4 e5 2. Nf3 Nf6 3. Nxe5 d6 4. Nf3 Nxe4 5. d3 Nf6 6. d4 d5 7. Bd3 Bd6 8. 0-0 0-0 9. h3 h6 10. Nc3 c6 11. Ne5 Re8 12. Re1 Nbd7 13. Bf4 Qc7 14. Re3 Nxe5 15. dxe5 Bxe5 16. Qe2 Nd7 17. Re1 f6 18. Qh5 Re7 19. Bxh6 Nf8 20. Bf4 d4 21. Bxe5 fxe5 22. Rxe5 Rxe5 23. Rxe5 Be6 24. Ne4 Bf7 25. Qg5 Ng6 26. Rf5 Qe7 27. Rxf7 Qxf7 28. Nd6 Qf6 29. Qxf6 gxf6 30. Bxg6 Rd8 1-0

[Event "CZE-chT1E 0910"]
[Site "Czech Republic"]
[Date "2010.03.21"]
[Round "10.3"]
[White "Sikora, Jan"]
[Black "Brecka, Ivan"]
[Result "1/2-1/2"]
[WhiteElo "2249"]
[BlackElo "2326"]
[PlyCount "54"]
[EventDate "2009.11.15"]
[EventType "team-tourn"]
[EventRounds "11"]
[EventCountry "CZE"]
[SourceTitle "EXT 2011"]
[Source "ChessBase"]
[SourceDate "2010.11.26"]
[SourceVersion "1"]
[SourceVersionDate "2010.11.26"]
[SourceQuality "1"]
[WhiteTeam "Trinec"]
[BlackTeam "Ostrava Mittal"]
[WhiteTeamCountry "CZE"]
[BlackTeamCountry "CZE"]

1. e4 e5 2. Bc4 Nf6 3. d3 c6 4. Nf3 d5 5. Bb3 Bd6 6. Nc3 dxe4 7. Nxe4 Nxe4 8. dxe4 Bb4+ 9. c3 Qxd1+ 10. Bxd1 Bd6 11. Be3 f6 12. Bb3 Na6 13. 0-0-0 Bc5 14. Rd3 Bxe3+ 15. Rxe3 Nc5 16. Rd1 Ke7 17. Bc2 Be6 18. b4 Nd7 19. Red3 Rhd8 20. Bb3 Bxb3 21. axb3 Nf8 22. Kc2 Rxd3 23. Rxd3 Ne6 24. Nd2 a5 25. bxa5 Rxa5 26. Kb2 Nf4 27. Re3 Ra8 1/2-1/2

[Event "CZE-chT1E 0910"]
[Site "Czech Republic"]
[Date "2010.01.24"]
[Round "7.3"]
[White "Brecka, Ivan"]
[Black "Nedela, Vlastimil"]
[Result "1-0"]
[WhiteElo "2326"]
[BlackElo "2355"]
[PlyCount "129"]
[EventDate "2009.11.15"]
[EventType "team-tourn"]
[EventRounds "11"]
[EventCountry "CZE"]
[SourceTitle "EXT 2011"]
[Source "ChessBase"]
[SourceDate "2010.11.26"]
[SourceVersion "1"]
[SourceVersionDate "2010.11.26"]
[SourceQuality "1"]
[WhiteTeam "Ostrava Mittal"]
[BlackTeam "Poruba"]
[WhiteTeamCountry "CZE"]
[BlackTeamCountry "CZE"]

1. e4 d6 2. d4 Nf6 3. Nc3 c6 4. f4 Qa5 5. Bd2 Qb6 6. Nf3 Bg4 7. e5 dxe5 8. dxe5 Nd5 9. Na4 Qc7 10. c4 Nb6 11. Nc3 f6 12. h3 Bxf3 13. Qxf3 fxe5 14. f5 N8d7 15. Qh5+ g6 16. fxg6 0-0-0 17. 0-0-0 Nf6 18. Qf5+ Kb8 19. gxh7 Bg7 20. Be2 Nxh7 21. Be3 Rdf8 22. Qe6 Rf6 23. Qg4 Bh6 24. Bxh6 Rxh6 25. Qg7 Nf6 26. g4 e4 27. Rdf1 R6h7 28. Qg6 Qg3 29. Qf5 Rxh3 30. Rxh3 Rxh3 31. g5 Nfd7 32. Qf4+ Qxf4+ 33. Rxf4 Rg3 34. Rg4 Rxg4 35. Bxg4 Ne5 36. Bf5 e3 37. b3 Kc7 38. g6 e2 39. Nxe2 Nbd7 40. g7 Nf6 41. Be6 Kd6 42. g8Q Nxg8 43. Bxg8 b5 44. cxb5 cxb5 45. Nd4 Kc5 46. Nf5 Nc6 47. Be6 Nd8 48. Bc8 e6 49. Ne3 Kc6 50. Nc2 Kc5 51. b4+ Kc4 52. Kd2 e5 53. Bd7 e4 54. Bf5 e3+ 55. Kxe3 Kc3 56. a3 Nf7 57. Nd4 Nd6 58. Bd3 Kb2 59. Nc6 Kxa3 60. Kd4 Ka4 61. Bc2+ Ka3 62. Kc5 Nc8 63. Kxb5 Kb2 64. Bh7 Kc3 65. Kc5 1-0

[Event "CZE-chT1E 0910"]
[Site "Czech Republic"]
[Date "2009.10.25"]
[Round "2.3"]
[White "Brecka, Ivan"]
[Black "Belunek, Vladimir"]
[Result "1-0"]
[WhiteElo "2326"]
[BlackElo "2277"]
[PlyCount "83"]
[EventDate "2009.11.15"]
[EventType "team-tourn"]
[EventRounds "11"]
[EventCountry "CZE"]
[SourceTitle "EXT 2011"]
[Source "ChessBase"]
[SourceDate "2010.11.26"]
[SourceVersion "1"]
[SourceVersionDate "2010.11.26"]
[SourceQuality "1"]
[WhiteTeam "Ostrava Mittal"]
[BlackTeam "Litovel II"]
[WhiteTeamCountry "CZE"]
[BlackTeamCountry "CZE"]

1. e4 g6 2. d4 Bg7 3. Nc3 d6 4. Be3 Nd7 5. f4 a6 6. Nf3 b5 7. a4 b4 8. Ne2 Ngf6 9. Ng3 Bb7 10. Bd3 c5 11. c3 bxc3 12. bxc3 0-0 13. Rb1 Qc7 14. 0-0 Rfb8 15. Qe2 a5 16. d5 Nb6 17. Bb5 Bc8 18. c4 Bd7 19. Qc2 Bxb5 20. Rxb5 Nbd7 21. Rfb1 e6 22. Bd2 Rxb5 23. Rxb5 exd5 24. exd5 Qd8 25. Qb1 h5 26. Qe1 h4 27. Nf1 h3 28. gxh3 Nh5 29. Ng3 Qf6 30. Ne4 Qf5 31. Nxd6 Qxh3 32. Qf1 Qg4+ 33. Qg2 Bd4+ 34. Kf1 Qxg2+ 35. Kxg2 Ndf6 36. Nxd4 cxd4 37. Kf3 Rd8 38. Nb7 Re8 39. Nc5 Ng7 40. Rb6 Rc8 41. Rxf6 Rxc5 42. Rc6 1-0

[Event "CZE-chT1E 0809"]
[Site "Czech Republic"]
[Date "2009.02.01"]
[Round "7.4"]
[White "Sedlacek, Oldrich"]
[Black "Brecka, Ivan"]
[Result "1-0"]
[WhiteElo "2333"]
[BlackElo "2322"]
[PlyCount "89"]
[EventDate "2008.11.08"]
[EventType "team-tourn"]
[EventRounds "11"]
[EventCountry "CZE"]
[SourceTitle "EXT 2010"]
[Source "ChessBase"]
[SourceDate "2010.11.25"]
[SourceVersion "1"]
[SourceVersionDate "2010.11.25"]
[SourceQuality "1"]
[WhiteTeam "Jihlava"]
[BlackTeam "Ostrava Mittal"]
[WhiteTeamCountry "CZE"]
[BlackTeamCountry "CZE"]

1. Nf3 Nf6 2. c4 c5 3. g3 g6 4. Bg2 Bg7 5. 0-0 0-0 6. d4 cxd4 7. Nxd4 d5 8. cxd5 Nxd5 9. Nb5 a6 10. N1c3 Nxc3 11. Nxc3 Nc6 12. Qa4 Bd7 13. Qh4 e6 14. Bg5 f6 15. Be3 Qa5 16. Rfd1 Rad8 17. Qa4 Qc7 18. Qc4 Bc8 19. Na4 Rxd1+ 20. Rxd1 Rd8 21. Rc1 Qe5 22. Nb6 Qb5 23. Qxb5 axb5 24. Nxc8 Rxc8 25. Rc5 b4 26. Rb5 f5 27. Bxc6 Rxc6 28. Rxb4 Rc7 29. a4 Kf7 30. a5 Ke7 31. f3 Kd7 32. Kf2 Kc8 33. Rb5 Rc6 34. f4 Bf6 35. b4 Bc3 36. Bb6 Kd7 37. Bc5 Kc7 38. Ke3 Bb2 39. Kd3 Bf6 40. Rb6 e5 41. Kc4 exf4 42. gxf4 Rxb6 43. Bxb6+ Kb8 44. Kd5 Bc3 45. b5 1-0

[Event "CZE-chT1E 0607"]
[Site "Czech Republic"]
[Date "2007.01.21"]
[Round "6.3"]
[White "Brecka, Ivan"]
[Black "Walek, Milan"]
[Result "0-1"]
[WhiteElo "2329"]
[BlackElo "2351"]
[PlyCount "65"]
[EventDate "2006.10.15"]
[EventType "team"]
[EventRounds "11"]
[EventCountry "CZE"]
[SourceTitle "EXT 2008"]
[Source "ChessBase"]
[SourceDate "2007.11.25"]
[SourceVersion "1"]
[SourceVersionDate "2007.11.25"]
[SourceQuality "1"]

1. e4 c5 2. Nf3 d6 3. d4 cxd4 4. Nxd4 Nf6 5. Nc3 Nc6 6. Bg5 e6 7. Qd2 a6 8. 0-0-0 Bd7 9. f4 Rc8 10. Nf3 b5 11. e5 b4 12. exf6 bxc3 13. Qxc3 g6 14. Bxa6 Rc7 15. Bb5 Qb8 16. a4 d5 17. Ne5 Nxe5 18. Qxe5 Bxb5 19. axb5 Bd6 20. Qe2 0-0 21. Rhf1 Rfc8 22. c3 Rc4 23. Kb1 Qxb5 24. Rd4 Rb8 25. Rxc4 dxc4 26. g4 Ba3 27. Rf2 h5 28. gxh5 Bxb2 29. Qxb2 Qf5+ 30. Kc1 Rxb2 31. Rxb2 Qd3 32. Rc2 gxh5 33. h4 0-1

[Event "CZE-chT1 East 0506"]
[Site "Czech Republic"]
[Date "2005.12.11"]
[Round "4.5"]
[White "Brecka, Ivan"]
[Black "Malik, Jan"]
[Result "1/2-1/2"]
[WhiteElo "2327"]
[BlackElo "2226"]
[PlyCount "78"]
[EventDate "2005.10.23"]
[EventType "team"]
[EventRounds "11"]
[EventCountry "CZE"]
[SourceTitle "EXT 2008"]
[Source "ChessBase"]
[SourceDate "2007.11.25"]
[SourceVersion "1"]
[SourceVersionDate "2007.11.25"]
[SourceQuality "1"]

1. e4 c5 2. Nf3 d6 3. d4 cxd4 4. Nxd4 Nf6 5. Nc3 Nc6 6. Bg5 e6 7. Qd2 Be7 8. 0-0-0 0-0 9. f4 Re8 10. Ndb5 Qa5 11. Nxd6 Bxd6 12. Qxd6 Rd8 13. Qa3 Rxd1+ 14. Kxd1 Qxa3 15. bxa3 b6 16. Bd3 Bb7 17. Kd2 Nd7 18. Nb5 Na5 19. Be7 Nf6 20. Ke3 Bc6 21. Bb4 Nb7 22. Nd4 Be8 23. Ba6 Rb8 24. Rb1 Ba4 25. c4 Nd7 26. Bxb7 Rxb7 27. Bd6 Nb8 28. Bxb8 Rxb8 29. c5 Kf8 30. Rb4 Be8 31. c6 Rc8 32. Rc4 Ke7 33. e5 Kd8 34. a4 a6 35. g4 g6 36. h4 Kc7 37. Rb4 Bxc6 38. Nxc6 Kxc6 39. Rd4 Kc7 1/2-1/2

[Event "CZE-chT1 East 0506"]
[Site "Czech Republic"]
[Date "2005.11.26"]
[Round "5.4"]
[White "Bazant, Petr Sr"]
[Black "Brecka, Ivan"]
[Result "1/2-1/2"]
[WhiteElo "2289"]
[BlackElo "2327"]
[PlyCount "128"]
[EventDate "2005.10.23"]
[EventType "team"]
[EventRounds "11"]
[EventCountry "CZE"]
[SourceTitle "EXT 2008"]
[Source "ChessBase"]
[SourceDate "2007.11.25"]
[SourceVersion "1"]
[SourceVersionDate "2007.11.25"]
[SourceQuality "1"]

1. e4 c5 2. Nf3 Nf6 3. Nc3 Nc6 4. d4 d5 5. exd5 Nxd5 6. Nxd5 Qxd5 7. Be3 cxd4 8. Nxd4 a6 9. Be2 e5 10. Nxc6 Qxc6 11. Qd3 e4 12. Qc4 Bd7 13. 0-0-0 Be7 14. Rd4 b5 15. Qd5 Rc8 16. Qxc6 Bxc6 17. Bg4 Rc7 18. Bf4 Ra7 19. Bb8 Ra8 20. Bd6 g6 21. Bxe7 Kxe7 22. Rhd1 f5 23. Be2 Rac8 24. g3 Rc7 25. Kd2 Bd7 26. Ke3 Be6 27. c3 Rc6 28. Ra1 Rb8 29. Rb4 Rcb6 30. a4 bxa4 31. Raxa4 Bd7 32. Rxb6 Rxb6 33. Rxa6 Rxb2 34. c4 Rc2 35. h4 Be6 36. Ra7+ Kf6 37. Rxh7 Bxc4 38. Bxc4 Rxc4 39. Ra7 Rc3+ 40. Ke2 Rf3 41. Ra6+ Kg7 42. Rb6 Kh6 43. Rf6 Kh5 44. Re6 Ra3 45. Rf6 Rb3 46. Re6 g5 47. hxg5 Kxg5 48. Re8 Kg4 49. Rg8+ Kh3 50. Rf8 Rf3 51. Kf1 e3 52. Rh8+ Kg4 53. Rh4+ Kg5 54. Ke2 exf2 55. Kf1 Rxg3 56. Ra4 Rg4 57. Ra2 Rf4 58. Ra3 Kg4 59. Rb3 Ra4 60. Kxf2 Ra2+ 61. Kf1 f4 62. Rc3 f3 63. Rc8 Kg3 64. Rg8+ Kf4 1/2-1/2

[Event "CZE-chT1 East 0506"]
[Site "Czech Republic"]
[Date "2005.11.13"]
[Round "2.4"]
[White "Jasny, Stanislav"]
[Black "Brecka, Ivan"]
[Result "1/2-1/2"]
[WhiteElo "2341"]
[BlackElo "2327"]
[PlyCount "81"]
[EventDate "2005.10.23"]
[EventType "team"]
[EventRounds "11"]
[EventCountry "CZE"]
[SourceTitle "EXT 2008"]
[Source "ChessBase"]
[SourceDate "2007.11.25"]
[SourceVersion "1"]
[SourceVersionDate "2007.11.25"]
[SourceQuality "1"]

1. e4 e5 2. Nf3 Nf6 3. Nc3 Nc6 4. g3 Bc5 5. Bg2 d6 6. d3 a6 7. h3 h6 8. 0-0 Be6 9. Be3 Qd7 10. Kh2 Bxe3 11. fxe3 d5 12. exd5 Nxd5 13. Nxd5 Bxd5 14. Qe2 0-0 15. Nh4 Rae8 16. Nf5 Be6 17. Be4 Ne7 18. g4 c6 19. Qg2 Bxf5 20. Bxf5 Qd6 21. Be4 Nd5 22. Rae1 Nf6 23. a3 Nxe4 24. Qxe4 Qd5 25. Rd1 Qxe4 26. dxe4 Rd8 27. Kg3 f6 28. h4 Kf7 29. g5 hxg5 30. hxg5 Ke6 31. gxf6 gxf6 32. Rh1 Rg8+ 33. Kf3 Rxd1 34. Rxd1 Rh8 35. Rg1 Rh2 36. Rg7 b5 37. Ra7 Rxc2 38. Rxa6 Rxb2 39. Rxc6+ Kf7 40. Rb6 Rb3 41. Ra6 1/2-1/2

[Event "CZE-chT 9899"]
[Site "Czech Republic"]
[Date "1998.11.28"]
[Round "3"]
[White "Brecka, Ivan"]
[Black "Moravec, Michal"]
[Result "1-0"]
[WhiteElo "2325"]
[BlackElo "2245"]
[PlyCount "83"]
[EventDate "1998.10.31"]
[EventType "team-tourn"]
[EventRounds "11"]
[EventCountry "CZE"]
[SourceTitle "EXT 2019"]
[Source "ChessBase"]
[SourceDate "2018.10.10"]
[SourceVersion "1"]
[SourceVersionDate "2018.10.10"]
[SourceQuality "1"]
[WhiteTeam "Ostrava TJ Nova Hut"]
[BlackTeam "Kolin SK Sokol"]
[WhiteTeamCountry "CZE"]
[BlackTeamCountry "CZE"]

1. e4 d6 2. d4 g6 3. Nf3 Bg7 4. Nc3 c6 5. Be2 Nf6 6. 0-0 0-0 7. h3 b5 8. a3 Nbd7 9. e5 Ne8 10. Bg5 f6 11. exf6 exf6 12. Bf4 a6 13. Re1 Nb6 14. Bd3 Ra7 15. b3 f5 16. Qd2 Nf6 17. Rad1 Rff7 18. Qc1 Nbd5 19. Nxd5 cxd5 20. c4 bxc4 21. bxc4 Ne4 22. cxd5 Rfc7 23. Qe3 Rc3 24. Qe2 Bf6 25. Bxe4 fxe4 26. Nd2 Bf5 27. Nxe4 Bxe4 28. Qxe4 Re7 29. Qb1 Rxe1+ 30. Rxe1 Bxd4 31. Qe4 Bf6 32. Qe6+ Kg7 33. Bxd6 Rd3 34. Re3 Rd1+ 35. Kh2 Qg8 36. Be5 Qd8 37. Bxf6+ Qxf6 38. Qxf6+ Kxf6 39. Re6+ Kf5 40. Rxa6 Rxd5 41. g3 Rd2 42. Kg2 1-0